01041nas a2200325 4500001001300000003000900013005001700022007000300039008003400042040005400076041000900130072000800139100002600147100002400173100001800197100003000215100002400245100001800269100001900287100001800306245010500324650001500429650001000444650001900454650001300473650002800486650002400514773010900538856006800647BR2017001732BR-BrBNA20231205131006.0ta230509b bl.|||p| |||| 00| 00por d aBR-BrBNAbporcBiblioteca Nacional de Agricultura a(En) aL741 aSeixas Filho, J.T. de1 aCamargo Filho, C.B.1 aPereira, M.M.1 aMartins, A.M.C.R.P. da F.1 aRibeiro Filho, O.P.1 aMello, S.C.P.1 aCassiano, L.L.1 aHipolito, M. 1 aHistopathological aspects of the liver of free-living and farmed bullfrogs (Lithobates catesbeianus) aRÂ TOURO aDIETA aHISTOPATOLOGIA aFÍGADO aDISTÚRBIO NUTRICIONAL aANÁLISE QUÍMICA0 tRevista Brasileira de Zootecnia (Brazil)xISSN 1806-9290 g(Apr 2017), v. 46(4) p. 275-279wBR201700173240uhttp://www.scielo.br/pdf/rbz/v46n4/1806-9290-rbz-46-04-0275.pdf